000 01675nam0a2200337 4500
001 RU\NLR\bibl\84395
005 20260406200833.0
010 _a5-8037-0029-0
_9500
021 _aRU
_b1999-52503
_92604
035 _a(NLR Aleph) 000082426
090 _a459454
_c459454
100 _a20000505d1999 |||y0rusy50 ca
101 1 _arus
_cgeo
102 _aRU
105 _aac |||||||||
200 1 _aОн весь был устремлен в будущее...
_eОчерки и воспоминания о Г.Е. Чиковани
_fИн-т физики Акад. наук Грузии и др.
_g[Н.Г. Таталашвили (сост. и ред.
_gРедкол.: Б.А. Долгошеин и др.
_hПер. с груз. Т.Д. Пурцеладзе]
210 _aМ.
_cЯнус-К
_d1999
215 _a112 с., [4] л. ил., портр.
_cпортр.
_d21
300 _aВ надзаг. также: Физ. ин-т им. П.Н. Лебедева Рос. акад. наук, Моск. инженер.-физ. ин-т
600 1 _aЧиковани
_bГ.Е.
_f1928 - 1968
_gГеоргий Евгеньевич
_92163416
_3RU\NLR\auth\661301834
600 1 _aЧиковани
_bГ. Е.
_f1928-1968
_gГеоргий Евгеньевич
_2psbo
686 _aВ38д(2)Чиковани
702 1 _aТаталашвили
_bН. Г.
_4220
702 1 _aДолгошеин
_bБ. А.
_4340
712 0 2 _4570
_aИнститут физики
_cТбилиси
_3RU\NLR\AUTH\889960387
_9417039
801 0 _aRU
_bNLR
_c20000505
_gPSBO
801 1 _aRU
_bNLR
_c20000505
852 _aNLR
_j2000-3/2292
942 _cBOOK
980 _aNB